[Event "BIH-chT1 30th"]
[Site "Gorazde"]
[Date "2023.08.30"]
[Round "7.1"]
[White "Milanovic, Slavisa"]
[Black "Hadzic, Latif"]
[Result "1-0"]
[WhiteElo "2316"]
[BlackElo "2049"]
[PlyCount "83"]
[EventDate "2023.08.26"]
[EventType "team-tourn"]
[EventRounds "9"]
[EventCountry "BIH"]
[SourceTitle "EXT 2024"]
[Source "ChessBase"]
[SourceDate "2023.10.10"]
[SourceVersion "1"]
[SourceVersionDate "2023.10.10"]
[SourceQuality "1"]

1. c4 e5 2. Nc3 Nf6 3. Nf3 Nc6 4. a3 d5 5. cxd5 Nxd5 6. Qc2 g6 7. Nxe5 Nxe5 8. Qe4 Bg7 9. Qxd5 Qe7 10. e3 c6 11. Qb3 Bf5 12. d4 Ng4 13. Be2 0-0 14. h3 Nf6 15. 0-0 Rad8 16. a4 h5 17. Rd1 Rfe8 18. Bd2 Qd7 19. Bf1 h4 20. a5 Bf8 21. Na4 Ne4 22. Bb4 Bh6 23. Nc5 Qc7 24. Nxe4 Bxe4 25. Re1 g5 26. Bc5 Qb8 27. Bc4 Bd5 28. e4 Bxc4 29. Qxc4 b6 30. axb6 axb6 31. Bb4 Bg7 32. e5 c5 33. dxc5 bxc5 34. e6 Rxe6 35. Rxe6 fxe6 36. Qxe6+ Kh8 37. Bc3 Bxc3 38. bxc3 Qd6 39. Qe3 Qd5 40. Re1 Rd7 41. c4 Qf5 42. Qe5+ 1-0

[Event "BIH-chT1A 28th"]
[Site "Mostar"]
[Date "2021.08.10"]
[Round "7.2"]
[White "Hadzic, Latif"]
[Black "Okicic, Nermin"]
[Result "0-1"]
[WhiteElo "2097"]
[BlackElo "2195"]
[PlyCount "84"]
[EventDate "2021.08.06"]
[EventType "team-tourn"]
[EventRounds "9"]
[EventCountry "BIH"]
[SourceTitle "CBM 203 Extra"]
[Source "ChessBase"]
[SourceDate "2021.09.30"]
[SourceVersion "1"]
[SourceVersionDate "2021.09.30"]
[SourceQuality "1"]
[WhiteTeam "Zenica Preporod"]
[BlackTeam "Gnojnica Lukavac Imel"]
[WhiteTeamCountry "BIH"]
[BlackTeamCountry "BIH"]

1. e4 e6 2. d4 d5 3. Nd2 Nf6 4. Bd3 c5 5. c3 cxd4 6. cxd4 dxe4 7. Nxe4 Be7 8. Nf3 Nc6 9. 0-0 0-0 10. Bg5 Nb4 11. Nxf6+ Bxf6 12. Bxf6 Qxf6 13. Be4 Rd8 14. Qb3 Nd5 15. Ne5 b6 16. Bxd5 Rxd5 17. Rfd1 Bd7 18. Rd3 Be8 19. Rad1 Rad8 20. Ng4 Qf4 21. Ne3 Rxd4 22. Rxd4 Rxd4 23. h3 Rxd1+ 24. Qxd1 Qc7 25. Qc2 Qxc2 26. Nxc2 Kf8 27. Kf1 Ke7 28. Ke2 Kd6 29. Ke3 Bc6 30. g3 Bd5 31. b3 e5 32. Kd3 Be6 33. g4 f5 34. Ne3 g6 35. f3 Kc5 36. Kc3 h5 37. gxh5 gxh5 38. h4 f4 39. Ng2 Kd5 40. Kd3 Bf5+ 41. Kd2 Kd4 42. a3 a5 0-1

[Event "BIH-ch 12th"]
[Site "Lukavac"]
[Date "2018.12.14"]
[Round "3"]
[White "Hadzic, Latif"]
[Black "Obad, Andrija"]
[Result "1/2-1/2"]
[WhiteElo "2077"]
[BlackElo "2271"]
[PlyCount "78"]
[EventDate "2018.12.13"]
[EventType "swiss"]
[EventRounds "7"]
[EventCountry "BIH"]
[SourceTitle "CBM 187 Extra"]
[Source "ChessBase"]
[SourceDate "2018.11.04"]
[SourceVersion "1"]
[SourceVersionDate "2018.11.04"]
[SourceQuality "1"]

1. e4 c5 2. Nf3 d6 3. Bb5+ Bd7 4. Bxd7+ Qxd7 5. d4 cxd4 6. Nxd4 Nf6 7. Nc3 g6 8. 0-0 Bg7 9. Bg5 0-0 10. Qd2 Re8 11. Rfe1 Nc6 12. Nxc6 bxc6 13. Bxf6 Bxf6 14. e5 Bg7 15. exd6 exd6 16. Rad1 d5 17. b3 Qf5 18. Ne2 h5 19. Ng3 Qg4 20. Nf1 Be5 21. Qd3 Qb4 22. Re2 Bc3 23. Re3 d4 24. Rg3 Kg7 25. h4 Qe7 26. Rg5 Qe4 27. Ng3 Qxd3 28. cxd3 Kh6 29. Rc5 Re6 30. Ne4 Bb2 31. Rc2 Ba3 32. Ng5 Rf6 33. Re1 Rd8 34. Re4 Rd5 35. Rc4 Bc5 36. b4 Bb6 37. f4 a5 38. a3 axb4 39. axb4 c5 1/2-1/2

[Event "BIH-chT1"]
[Site "Bosanska Krupa"]
[Date "2018.08.29"]
[Round "8"]
[White "Hadzic, Latif"]
[Black "Mrndjic, Muamer"]
[Result "0-1"]
[WhiteElo "2053"]
[BlackElo "2249"]
[PlyCount "70"]
[EventDate "2018.08.25"]
[EventType "tourn"]
[EventRounds "9"]
[EventCountry "BIH"]
[SourceTitle "CBM 186 Extra"]
[Source "ChessBase"]
[SourceDate "2018.08.24"]
[SourceVersion "1"]
[SourceVersionDate "2018.08.24"]
[SourceQuality "1"]

1. e4 e6 2. d4 d5 3. exd5 exd5 4. Nf3 Nf6 5. Bf4 Bd6 6. Bxd6 Qxd6 7. c3 0-0 8. Be2 Bf5 9. 0-0 Re8 10. Re1 Nbd7 11. Nbd2 h6 12. Nf1 c5 13. Ng3 Bh7 14. dxc5 Nxc5 15. Nd4 Qb6 16. b4 Nce4 17. Qb3 Rac8 18. Nxe4 Nxe4 19. Rac1 Nxc3 20. Rxc3 Qxd4 21. Rxc8 Rxc8 22. Bf3 Qd2 23. Rd1 Rc1 24. Rxc1 Qxc1+ 25. Qd1 Qxd1+ 26. Bxd1 Bd3 27. f4 Bc4 28. a3 Kf8 29. Kf2 d4 30. Be2 Bb3 31. Bf3 b6 32. g4 Ke7 33. Ke2 Bc4+ 34. Kd2 g5 35. fxg5 hxg5 0-1

[Event "BIH-chT1"]
[Site "Bosanska Krupa"]
[Date "2018.08.26"]
[Round "2"]
[White "Hadzic, Latif"]
[Black "Softic, Nusret"]
[Result "1-0"]
[WhiteElo "2053"]
[BlackElo "1879"]
[PlyCount "55"]
[EventDate "2018.08.25"]
[EventType "tourn"]
[EventRounds "9"]
[EventCountry "BIH"]
[SourceTitle "CBM 186 Extra"]
[Source "ChessBase"]
[SourceDate "2018.08.24"]
[SourceVersion "1"]
[SourceVersionDate "2018.08.24"]
[SourceQuality "1"]

1. e4 e5 2. Nf3 Nc6 3. d4 exd4 4. Bc4 Be7 5. c3 Nf6 6. e5 Ng4 7. cxd4 d6 8. h3 Nh6 9. Bxh6 gxh6 10. Nc3 dxe5 11. d5 Na5 12. Bd3 c6 13. Nxe5 cxd5 14. Bb5+ Kf8 15. Qh5 Be6 16. Qxh6+ Kg8 17. Rd1 Qd6 18. Nf3 Nc6 19. 0-0 Ne5 20. Nxe5 Qxe5 21. Rfe1 Qf6 22. Qh5 Bb4 23. Re3 Bxc3 24. Rxc3 Kf8 25. Rf3 Qxb2 26. Bd7 Qb6 27. Re1 Ke7 28. Qxf7+ 1-0

[Event "BIH-chT1"]
[Site "Bosanska Krupa"]
[Date "2018.08.26"]
[Round "3"]
[White "Hadzic, Latif"]
[Black "Strinic, Halid"]
[Result "0-1"]
[WhiteElo "2053"]
[BlackElo "2116"]
[PlyCount "66"]
[EventDate "2018.08.25"]
[EventType "tourn"]
[EventRounds "9"]
[EventCountry "BIH"]
[SourceTitle "CBM 186 Extra"]
[Source "ChessBase"]
[SourceDate "2018.08.24"]
[SourceVersion "1"]
[SourceVersionDate "2018.08.24"]
[SourceQuality "1"]

1. e4 c5 2. Nf3 d6 3. Bb5+ Nd7 4. 0-0 a6 5. Bxd7+ Bxd7 6. Qe2 e5 7. d3 h6 8. Be3 Nf6 9. Nc3 Be7 10. a4 b5 11. h3 b4 12. Nd5 Nxd5 13. exd5 f5 14. Ne1 0-0 15. f4 exf4 16. Bxf4 g5 17. Bd2 Bf6 18. c3 a5 19. Nf3 Kg7 20. Kh1 Qb6 21. Be1 Rae8 22. Qc2 Qb7 23. c4 Bc8 24. Bf2 Qf7 25. Rae1 g4 26. Ng1 f4 27. Rxe8 Rxe8 28. Be1 Be5 29. b3 Qg6 30. Ne2 Rf8 31. Qd2 gxh3 32. gxh3 Bxh3 33. Rg1 Bg4 0-1

[Event "BIH-chT1A 22nd"]
[Site "Tuzla"]
[Date "2015.10.21"]
[Round "9.3"]
[White "Hadzic, Latif"]
[Black "Mujagic, Ismet"]
[Result "1/2-1/2"]
[WhiteElo "2047"]
[BlackElo "1858"]
[PlyCount "84"]
[EventDate "2015.10.16"]
[EventType "tourn"]
[EventRounds "9"]
[EventCountry "BIH"]
[SourceTitle "CBM 169 Extra"]
[Source "ChessBase"]
[SourceDate "2015.12.18"]
[SourceVersion "1"]
[SourceVersionDate "2015.12.18"]
[SourceQuality "1"]

1. e4 e6 2. d4 d5 3. e5 c5 4. c3 Qb6 5. Nf3 Bd7 6. Bd3 Bb5 7. 0-0 Bxd3 8. Qxd3 Nc6 9. dxc5 Bxc5 10. b4 Bf8 11. Re1 Nge7 12. Bf4 Rc8 13. Nbd2 Ng6 14. Bg3 Nge7 15. a3 Nf5 16. Bf4 Be7 17. Rad1 Qc7 18. Rc1 0-0 19. Nb3 Nb8 20. Nfd2 Rfd8 21. g4 Nh4 22. Nd4 a6 23. Bg3 Nc6 24. Re3 Ng6 25. f4 Qb6 26. Rf1 Nxd4 27. cxd4 Qc6 28. f5 Bg5 29. Ref3 Nf8 30. fxe6 fxe6 31. h4 Bxd2 32. Qxd2 Qc2 33. Qf4 Qg6 34. h5 Qe8 35. Be1 b5 36. g5 Qxh5 37. R3f2 Qg6 38. Bd2 Nd7 39. Qf7+ Qxf7 40. Rxf7 Nb6 41. Rb7 Nc4 42. Rff7 Nxd2 1/2-1/2

[Event "BIH-chT1A 22nd"]
[Site "Tuzla"]
[Date "2015.10.18"]
[Round "5.1"]
[White "Hadzic, Latif"]
[Black "Strinic, Halid"]
[Result "0-1"]
[WhiteElo "2047"]
[BlackElo "2109"]
[PlyCount "80"]
[EventDate "2015.10.16"]
[EventType "tourn"]
[EventRounds "9"]
[EventCountry "BIH"]
[SourceTitle "CBM 169 Extra"]
[Source "ChessBase"]
[SourceDate "2015.12.18"]
[SourceVersion "1"]
[SourceVersionDate "2015.12.18"]
[SourceQuality "1"]

1. e4 c5 2. Nf3 d6 3. Bb5+ Nd7 4. 0-0 a6 5. Bxd7+ Bxd7 6. d4 cxd4 7. Nxd4 Nf6 8. Nc3 e6 9. Bg5 Be7 10. Qe2 Qc7 11. Rfe1 h6 12. Bh4 b5 13. Rad1 0-0 14. Bg3 b4 15. Nb1 Rfd8 16. c4 Be8 17. b3 Nd7 18. Nd2 Ne5 19. f4 Nc6 20. N2f3 Nxd4 21. Nxd4 a5 22. f5 e5 23. Nc2 Bc6 24. Bf2 Qb7 25. Qg4 a4 26. Be3 Kf8 27. Bf2 axb3 28. axb3 Ra2 29. Ne3 Bxe4 30. Nd5 Bxd5 31. Rxd5 Qa6 32. c5 Qa8 33. Red1 Ra1 34. cxd6 Rxd6 35. Rxd6 Bxd6 36. h4 Rxd1+ 37. Qxd1 Qc6 38. Qd2 Ke7 39. Be1 Qe4 40. Qf2 Kf6 0-1

[Event "Bihac-chT1"]
[Site "Bihac"]
[Date "2014.08.25"]
[Round "4"]
[White "Hadzic, Latif"]
[Black "Zuko, Rasim"]
[Result "1-0"]
[WhiteElo "2026"]
[BlackElo "2055"]
[PlyCount "69"]
[EventDate "2014.08.23"]
[EventType "swiss"]
[EventRounds "9"]
[EventCountry "BIH"]
[SourceTitle "EXT 2015"]
[Source "ChessBase"]
[SourceDate "2014.11.20"]
[SourceVersion "1"]
[SourceVersionDate "2014.11.20"]
[SourceQuality "1"]

1. e4 c5 2. Nf3 e6 3. d4 cxd4 4. Nxd4 Nf6 5. Bd3 Be7 6. 0-0 0-0 7. e5 Ne8 8. Qe2 f5 9. b3 a6 10. Bb2 Nc7 11. c4 Bc5 12. Nd2 Qh4 13. N2f3 Qh5 14. a3 b6 15. b4 Be7 16. Nd2 Qh6 17. N2b3 Bb7 18. Bc1 g5 19. f3 Nc6 20. Nxc6 Bxc6 21. Be3 Rab8 22. Qf2 b5 23. Nd4 f4 24. Nxc6 fxe3 25. Nxe7+ Kf7 26. Qxe3 Kxe7 27. Qc5+ Kd8 28. cxb5 axb5 29. Rac1 Nd5 30. Be4 Nf4 31. Qd6 Rc8 32. Rxc8+ Kxc8 33. Qb6 Ne2+ 34. Kf2 g4 35. Bb7+ 1-0